Contratación pública y desarrollo de infraestructuras (Registro nro. 1676)

Detalles MARC
000 -LEADER
fixed length control field 01204 a2200217 4500
001 - CONTROL NUMBER
control field 28226
005 - DATE AND TIME OF LATEST TRANSACTION
control field 20260407155554.0
008 - FIXED-LENGTH DATA ELEMENTS--GENERAL INFORMATION
fixed length control field 260407a2004 arg spa d
003 - CONTROL NUMBER IDENTIFIER
control field AR-UNSa-BCEJYS
040 ## - CATALOGING SOURCE
Original cataloging agency AR-UNSa-BCEJYS
Language of cataloging spa
Transcribing agency AR-UNSa-BCEJYS
080 ## - UNIVERSAL DECIMAL CLASSIFICATION NUMBER
Universal Decimal Classification number 351.71
Common auxiliary subdivision Bienes públicos. Obras públicas. Impuestos (Contratación pública)
020 ## - INTERNATIONAL STANDARD BOOK NUMBER
International Standard Book Number 950-20-1607-6
100 1# - MAIN ENTRY--PERSONAL NAME
Personal name Guiridlian Larosa, Javier D.
245 10 - TITLE STATEMENT
Title Contratación pública y desarrollo de infraestructuras
Name of part/section of a work nuevas formas de gestión y financiación
264 #1 - PRODUCTION, PUBLICATION, DISTRIBUTION, MANUFACTURE, AND COPYRIGHT NOTICE
Place of production, publication, distribution, manufacture Buenos Aires :
Name of producer, publisher, distributor, manufacturer Abeledo Perrot
Date of production, publication, distribution, manufacture, or copyright notice 2004
300 ## - PHYSICAL DESCRIPTION
Extent 219 p.
Dimensions 22 cm.
505 ## - FORMATTED CONTENTS NOTE
Formatted contents note 1. Perspectiva clásica y formas alternativas de gestión y financiación - 2. Las formas alternativas de gestión y financiación de obra pública en particular - 3. Técnicas financieras para la provisión de fondos - 4. Valoración de las técnicas de gestión y financiación expuestas. Su aplicación en la Argentina - 5. La tutela al inversor extranjero
590 ## - LOCAL NOTE (RLIN)
Local note niveau_biblio:m niveau_hierar:0
856 41 - ELECTRONIC LOCATION AND ACCESS
Uniform Resource Identifier <a href="https://biblioeco.unsa.edu.ar/pmb/images/libros/Contratacion Publica y Desarrollo de Infraestructuras-l119996.jpg">https://biblioeco.unsa.edu.ar/pmb/images/libros/Contratacion Publica y Desarrollo de Infraestructuras-l119996.jpg</a>
Link text Imagen de portada
Electronic format type image/jpeg
942 ## - ADDED ENTRY ELEMENTS (KOHA)
Koha item type
Existencias
Withdrawn status Lost status Damaged status Not for loan Home library Current library Shelving location Date acquired Total checkouts Full call number Barcode Date last seen Price effective from Koha item type Public note
        Biblioteca Prof. Eusebio Cleto del Rey Biblioteca Prof. Eusebio Cleto del Rey   07/04/2026   351.71 G965 L119996 07/04/2026 07/04/2026 Libro LÁPIZ LEVE